Sports Quiz

Random Sports or Auto Racing Quiz

1987 Bathurst 1000 starting grid Quiz Stats

 Plays Quiz not verified by Sporcle

Score 0/102 Timer 12:00
0 Plays Today
Position Driver % Correct
8THDick Johnson
90.6%
10THPeter Brock
90.6%
19TH**Peter Brock
90.6%
2NDAllan Moffat
81.3%
11THJim Richards
81.3%
14THGlenn Seton
81.3%
14THJohn Bowe
81.3%
6THAllan Grice
78.1%
10THDavid Parsons
78.1%
19TH**David Parsons
78.1%
20THColin Bond
78.1%
3RDSteve Soper
75%
11THTony Longhurst
75%
POLEKlaus Ludwig
71.9%
6THWin Percy
71.9%
7THLarry Perkins
71.9%
13THGeorge Fury
71.9%
4TH*Andrew Miedecke
68.8%
4TH*Don Smith
68.8%
8THGregg Hansford
68.8%
38THGraham Lusty
68.8%
42NDJohn Smith
68.8%
5THJohnny Cecotto
65.6%
19TH**Peter McLeod
65.6%
37THTrevor Ashby
65.6%
37THSteve Reed
65.6%
38THJohn Lusty
65.6%
43RDMark Skaife
65.6%
2NDAndy Rouse
62.5%
7THDenny Hulme
62.5%
39THPhil Ward
62.5%
9THNeville Crichton
59.4%
12THRoland Ratzenberger
59.4%
17THGary Brabham
59.4%
Position Driver % Correct
21STRobbie Francevic
59.4%
29THMurray Carter
59.4%
44THJohn Faulkner
59.4%
9THCharlie O'Brien
56.3%
18THEmanuele Pirro
56.3%
33RDKevin Bartlett
56.3%
16THGraeme Bowkett
53.1%
18THRoberto Ravaglia
53.1%
23RDBruce Stewart
53.1%
25THBrian Callaghan
53.1%
32NDBill O'Brien
53.1%
41STMercedes Stermitz
53.1%
3RDPierre Dieudonne
50%
5THGianfranco Brancatelli
50%
15THOlivier Grouillard
50%
16THKent Baigent
50%
17THJuan Manuel Fangio II
50%
22NDGary Scott
50%
34THTony Noske
50%
36THPeter Janson
50%
46THBryan Bate
50%
48THDavid Ratcliff
50%
15THWinni Vogt
46.9%
23RDJohn Giddings
46.9%
25THBarry Graham
46.9%
45THAndrew Bagnall
46.9%
46THBob Holden
46.9%
2NDThierry Tassin
43.8%
21STLudwig Finauer
43.8%
26THWarren Cullen
43.8%
28THGraham Moore
43.8%
28THMichel Delcourt
43.8%
32NDBrian Sampson
43.8%
33RDArmin Hahne
43.8%
Position Driver % Correct
40THRay Gulson
43.8%
40THGraham Gulson
43.8%
42NDDrew Price
43.8%
43RDGrant Jarrett
43.8%
22NDAkihiko Nakaya
40.6%
26THGary Cooke
40.6%
27THGraeme Crosby
40.6%
29THSteve Masterton
40.6%
30THTony Kavich
40.6%
31STKen Mathews
40.6%
34THGary Rush
40.6%
48THMark Gibbs
40.6%
24THWayne Wilkinson
37.5%
26THGary Sprague
37.5%
31STTony Mulvihill
37.5%
35THTrevor Crowe
37.5%
46THGarry Wilmington
37.5%
47THDaniele Toffoli
37.5%
13THTerry Sheil
34.4%
15THAltfrid Heger
34.4%
24THGraeme Cameron
34.4%
27THJohn Billington
34.4%
30THKerry Baily
34.4%
36THPeter Fitzgerald
34.4%
39THLlyndon Riethmuller
34.4%
44THMike Quinn
34.4%
45THChris Hodgetts
34.4%
47THGiorgio Francia
34.4%
35THIan Tulloch
31.3%
41STAnette Meeuvissen
31.3%
POLEKlaus Niedzwiedz
28.1%
45THMark Jennings
28.1%
12THMarkus Oestreich
25%
20THLucio Cesaro
25%

You're not logged in!

Compare scores with friends on all Sporcle quizzes.
OR
Log In

Sporcle TV

Today on Sporcle TV


Watch our educational content, quiz creation guides, and fun videos on Sporcle TV.

Show Comments

Extras

Top Quizzes Today


Score Distribution

Your Account Isn't Verified!

In order to create a playlist on Sporcle, you need to verify the email address you used during registration. Go to your Sporcle Settings to finish the process.

Report this User

Report this user for behavior that violates our Community Guidelines.

Details: